000 00768cam a2200277 4500
008 090401t1992 xxu||||| |||| 00| 0 eng d
020 _a1870905563
035 _a(Sirsi) u28436
041 _aeng
050 _a332.6324
245 _aMaking sense of the Cost Rent Scheme.
260 _aOxford
_bRadcliffe Medical Press Ltd.
_c1992
300 _aiv,166p. : ill. ; 23cm.
350 _a12.5
490 _aBusiness
_vSide of General Practice
650 _aCOST RENT SCHEME
650 _aDOCTORS' SURGERIES
650 _aHEALTH CENTRES
650 _aNATIONAL HEALTH SERVICE
650 _aPRACTICE PREMISES
650 _aPROPERTY FINANCE
690 _aPROPERTY LAW AND PRACTICE
700 _aChisholm, John
_xEditor
942 _n0
948 _c04/03/1997
999 _c89275
_d89275